[Event "QA-ANNIV-05"]
[Site "http://www.queenalice.com/game.php?id=885940"]
[Date "2011.1.13"]
[Round "7"]
[White "DINTERINBEBIM"]
[Black "Caronte"]
[Result "1-0"]
[WhiteElo "2411"]
[BlackElo "2582"]

1. d4 Nf6 2. c4 e6 3. Nc3 c5 4. d5 exd5 5. cxd5 d6 6. e4 g6 7. Nf3 Bg7 8. h3 O-O
9. Bd3 b5 10. Nxb5 Re8 11. O-O Nxe4 12. Re1 a6 13. Rxe4 axb5 14. Bg5 f6 15.
Rxe8+ Qxe8 16. Bf4 Qd7 17. Qf1 c4 18. Be2 f5 19. a4 Bxb2 20. Rb1 Bf6 21. axb5 c3
22. b6 Ra2 23. Bb5 Qd8 24. Re1 Bd7 25. Qc4 Rb2 26. Nd4 1-0

[Event "QA-ANNIV-05"]
[Site "http://www.queenalice.com/game.php?id=921216"]
[Date "2011.4.3"]
[Round "8"]
[White "LoveChess"]
[Black "DINTERINBEBIM"]
[Result "1-0"]
[WhiteElo "2735"]
[BlackElo "2431"]

1. d4 d5 2. c4 c5 3. cxd5 Nf6 4. Nf3 cxd4 5. Nxd4 Nxd5 6. e4 Nb6 7. Nc3 e5 8.
Bb5+ Bd7 9. Nf5 Nc6 10. O-O Rc8 11. Be3 Be6 12. Qg4 g6 13. Rfd1 Nd7 14. Bg5 Qb6
15. Qg3 1-0

[Event "QA-ANNIV-06"]
[Site "http://www.queenalice.com/game.php?id=924414"]
[Date "2011.4.10"]
[Round "4"]
[White "cunha"]
[Black "DINTERINBEBIM"]
[Result "0-1"]
[WhiteElo "2833"]
[BlackElo "2429"]

1. e4 e5 2. Nf3 Nf6 3. Nxe5 d6 4. Nf3 Nxe4 5. d4 d5 6. Bd3 Be7 7. O-O Nc6 8. Re1
Bg4 9. c4 Nf6 10. cxd5 Bxf3 11. Qxf3 Qxd5 12. Qxd5 Nxd5 13. Nc3 O-O-O 14. Nxd5
Rxd5 15. Be3 Bf6 16. Be4 Rdd8 17. d5 Nd4 18. Rad1 Nb5 19. Re2 Nd6 20. Bd3 Rhe8
21. Rc2 Kb8 22. Kf1 Re5 23. Be2 Re7 24. a3 g6 25. Bd3 Nc8 0-1

[Event "QA-ANNIV-05"]
[Site "http://www.queenalice.com/game.php?id=953544"]
[Date "2011.6.24"]
[Round "9"]
[White "DINTERINBEBIM"]
[Black "ads"]
[Result "0-1"]
[WhiteElo "2444"]
[BlackElo "2586"]

1. Nf3 Nf6 2. b3 g6 3. Bb2 Bg7 4. g3 O-O 5. Bg2 d6 6. d4 Nbd7 7. O-O c6 8. c4
Qc7 9. Nc3 e5 10. e3 Re8 11. Rc1 a5 12. Qd2 h6 13. dxe5 dxe5 14. Rfd1 Nc5 15.
Ne1 Bf5 16. Ba3 Bf8 17. Bxc5 Bxc5 18. Nd3 Rad8 19. Qe2 Ba3 20. Nb2 e4 21. h3 h5
22. Rb1 Qc8 23. Kh2 Bd6 24. Rbc1 h4 25. Rc2 hxg3+ 26. fxg3 Qc7 0-1

[Event "QA-ANNIV-06"]
[Site "http://www.queenalice.com/game.php?id=967026"]
[Date "2011.7.31"]
[Round "5"]
[White "DINTERINBEBIM"]
[Black "gbsalvio"]
[Result "1-0"]
[WhiteElo "2439"]
[BlackElo "2629"]

1. d4 Nf6 2. Bf4 c5 3. e3 d6 4. Nc3 cxd4 5. exd4 g6 6. Nf3 Bg7 7. Be2 Nbd7 8. a4
O-O 9. a5 Nb8 10. O-O Bd7 11. d5 Na6 12. Be3 Nb4 13. Ra3 Ng4 14. Bd4 Bxd4 15.
Nxd4 Nf6 16. Bf3 Rc8 17. Qd2 Rc4 18. Rc1 Re8 19. b3 Rc8 20. Raa1 b6 21. a6 Rc5
22. Ncb5 Bxb5 23. Qxb4 Bd7 24. c4 e5 25. dxe6 fxe6 26. Bb7 d5 27. cxd5 Nxd5 28.
Qd2 Qf6 29. b4 Rxc1+ 30. Rxc1 Nf4 31. Rc7 Rd8 32. g3 Qxd4 33. Qxf4 Qxf4 34. gxf4
Bb5 35. Bc8 Kf8 36. Rxh7 Rd1+ 37. Kg2 Rc1 38. Bxe6 Bxa6 39. Rf7+ Ke8 40. Rxa7
Bc4 41. Bxc4 Rxc4 42. Kg3 Rxb4 43. Rg7 Rb1 44. Kg2 Rb4 45. Rxg6 b5 46. Kg3 Rb1
47. Rb6 b4 48. Rb7 Kf8 49. h4 Rg1+ 50. Kf3 Rh1 51. Kg4 Rb1 52. f5 1-0

[Event "QA-ANNIV-05"]
[Site "http://www.queenalice.com/game.php?id=983075"]
[Date "2011.9.9"]
[Round "10"]
[White "Malvada"]
[Black "DINTERINBEBIM"]
[Result "0-1"]
[WhiteElo "2066"]
[BlackElo "2451"]

1. d4 e6 2. e4 d5 3. Nd2 dxe4 4. Nxe4 Be7 5. Nf3 Nd7 6. Be2 Ngf6 7. Ng3 c5 8.
O-O O-O 9. c3 b6 10. Bd3 Bb7 11. Re1 cxd4 12. cxd4 Bb4 13. Re3 a6 14. a3 Be7 15.
Re1 Rc8 16. Qe2 b5 17. Rd1 Nb6 18. Bf4 Nc4 19. Rab1 Nd5 20. Qe4 g6 21. Bh6 Re8
22. Bxc4 bxc4 23. Qc2 c3 24. b4 a5 25. bxa5 Bc6 26. a6 Qa5 27. Qe2 Ba4 28. Re1
Ra8 29. Qe5 Bf6 30. Qe2 Qxa6 31. Qa2 c2 32. Ra1 Be7 33. Qb2 Reb8 34. Qc1 Rb7 35.
Ne4 Rab8 36. Bf4 Nxf4 37. Qxf4 Rb1 38. Nc3 Qd3 39. Qxf7+ Kxf7 40. Ne5+ Kf6 41.
Nxd3 Rxa1 42. Rxa1 Rb3 43. Ne4+ Kg7 0-1

[Event "FIFA World Cup"]
[Site "http://www.queenalice.com/game.php?id=1256289"]
[Date "2014.2.14"]
[Round "1"]
[White "DINTERINBEBIM"]
[Black "ubersoldat1952"]
[Result "1/2-1/2"]
[WhiteElo "2437"]
[BlackElo "2548"]

1. c4 c6 2. e4 d5 3. cxd5 cxd5 4. exd5 Nf6 5. Nc3 Nxd5 6. Nf3 Nc6 7. Bb5 e6 8.
O-O Be7 9. d4 O-O 10. Re1 Qd6 11. Bd3 Nf6 12. Bg5 Rd8 13. Ne4 Nxe4 14. Bxe7 Nxe7
15. Bxe4 h6 16. Ne5 f6 17. Nc4 Qxd4 18. Qb3 Qc5 19. Rad1 Rd7 20. Ne3 Rxd1 21.
Rxd1 f5 22. Bf3 Kh7 23. Qc4 Qxc4 24. Nxc4 Nd5 25. Nd6 Kg6 26. h4 Nb6 27. Re1 Kf6
28. Ne8+ Kf7 29. Nd6+ 1/2-1/2

[Event "AUTO-ELITE-1300"]
[Site "http://www.queenalice.com/game.php?id=1264100"]
[Date "2014.3.11"]
[Round "1"]
[White "Apatride"]
[Black "DINTERINBEBIM"]
[Result "0-1"]
[WhiteElo "2475"]
[BlackElo "2428"]

1. e4 c6 2. d4 d5 3. exd5 cxd5 4. c4 Nf6 5. Nc3 e6 6. Nf3 Bb4 7. cxd5 Nxd5 8.
Bd2 Nc6 9. a3 Be7 10. Bd3 Bf6 11. O-O O-O 12. Qc2 h6 13. Be3 Nce7 14. Ne4 b6 15.
Nxf6+ Nxf6 16. Rac1 Bb7 17. Ne5 Qd5 18. f3 Rac8 19. Qd2 Nf5 20. Bxf5 exf5 21.
Rfe1 Rfe8 22. Rxc8 Bxc8 23. Rc1 Be6 24. b4 Qb3 25. Qd3 Qxd3 0-1

[Event "AUTO-ELITE-1300"]
[Site "http://www.queenalice.com/game.php?id=1264101"]
[Date "2014.3.11"]
[Round "1"]
[White "DINTERINBEBIM"]
[Black "Apatride"]
[Result "1-0"]
[WhiteElo "2419"]
[BlackElo "2484"]

1. d4 Nf6 2. c4 g6 3. Nc3 d5 4. cxd5 Nxd5 5. e4 Nxc3 6. bxc3 Bg7 7. Bc4 c5 8.
Ne2 Nc6 9. Be3 cxd4 10. cxd4 b5 11. Bd5 Bd7 12. Rc1 Rc8 13. O-O O-O 14. Bxc6
Rxc6 15. Rxc6 Bxc6 16. d5 Bd7 17. Qd2 f5 18. Bxa7 fxe4 19. h3 Bf5 20. Bc5 Qd7
21. Rd1 Rc8 22. Bb4 1-0

[Event "AUTO-ELITE-1300"]
[Site "http://www.queenalice.com/game.php?id=1264106"]
[Date "2014.3.11"]
[Round "1"]
[White "DINTERINBEBIM"]
[Black "Bobby_F"]
[Result "1/2-1/2"]
[WhiteElo "2439"]
[BlackElo "2498"]

1. e4 c5 2. Nf3 d6 3. d4 cxd4 4. Nxd4 Nf6 5. Nc3 a6 6. Bg5 e6 7. f4 Qb6 8. Qd2
Qxb2 9. Rb1 Qa3 10. e5 h6 11. Bh4 dxe5 12. fxe5 g5 13. exf6 gxh4 14. Be2 Qa5 15.
O-O Nd7 16. Kh1 Qg5 17. Rf4 e5 18. Nd5 exd4 19. Qxd4 Bc5 20. Qe4+ Kd8 21. Rf5
Re8 22. Qxe8+ Kxe8 23. Rxg5 hxg5 24. Nc7+ Kd8 25. Nxa8 Nxf6 26. Bf3 b5 27. Rd1+
Ke7 28. h3 Bd7 29. Re1+ Kd6 30. c3 a5 31. Rd1+ Ke7 32. Rd2 Be6 33. Nc7 Bc4
1/2-1/2

[Event "AUTO-ELITE-1300"]
[Site "http://www.queenalice.com/game.php?id=1264107"]
[Date "2014.3.11"]
[Round "1"]
[White "Bobby_F"]
[Black "DINTERINBEBIM"]
[Result "1-0"]
[WhiteElo "2500"]
[BlackElo "2440"]

1. e4 d6 2. d4 Nf6 3. Nc3 g6 4. Nf3 Bg7 5. Be2 O-O 6. O-O c6 7. h3 Nbd7 8. a4
Qc7 9. Be3 b6 10. Qd2 Bb7 11. Rfd1 a6 12. e5 dxe5 13. dxe5 Nxe5 14. Nxe5 Qxe5
15. Bxb6 Nd5 16. Bd4 Qxd4 17. Qxd4 Bxd4 18. Rxd4 e5 19. Rc4 Kg7 20. a5 Rab8 21.
Na4 Rfe8 22. c3 f5 23. Nc5 Bc8 24. b4 Ra8 25. Bd1 Rd8 26. Bb3 Ne7 27. Re1 Kf6
28. g4 h6 29. f3 Ra7 30. h4 Rc7 31. g5+ hxg5 32. hxg5+ Kxg5 33. Rxe5 Kf6 34. Re1
g5 35. Rd4 Rxd4 36. cxd4 g4 37. Kf2 Nd5 38. Bxd5 cxd5 39. Kg3 Rg7 40. Re8 Rc7
41. fxg4 fxg4 42. Rd8 Rc6 43. Rxd5 1-0

[Event "FIFA World Cup"]
[Site "http://www.queenalice.com/game.php?id=1338709"]
[Date "2015.2.1"]
[Round "2"]
[White "agmac"]
[Black "DINTERINBEBIM"]
[Result "1/2-1/2"]
[WhiteElo "2471"]
[BlackElo "2433"]

1. e4 e5 2. Nf3 Nc6 3. Bc4 Nf6 4. Ng5 d5 5. exd5 Na5 6. Bb5+ c6 7. dxc6 bxc6 8.
Bd3 Nd5 9. Nf3 Bd6 10. O-O Nf4 11. Re1 Nxd3 12. cxd3 O-O 13. Nc3 f6 14. Ne4 Be7
15. b4 Bxb4 16. Qa4 Be7 17. Ba3 Bxa3 18. Qxa3 Bg4 19. Rab1 c5 20. Rb5 Nc6 21.
Rxc5 Qd7 22. Qa4 Nd4 23. Qxd7 Nxf3+ 24. gxf3 Bxd7 25. Kg2 Rac8 26. Rec1 Rcd8 27.
R1c3 Rf7 28. Ra3 Be8 29. Kf1 Re7 30. Ke2 h6 31. Rca5 Rdd7 32. Ra6 Bg6 33. h4
1/2-1/2

[Event "Russia vs Brazil"]
[Site "http://www.queenalice.com/game.php?id=1393134"]
[Date "2015.11.8"]
[Round "-"]
[White "LoveChess"]
[Black "DINTERINBEBIM"]
[Result "1-0"]
[WhiteElo "2784"]
[BlackElo "2446"]

1. e4 Nf6 2. e5 Nd5 3. c4 Nb6 4. d4 d6 5. exd6 exd6 6. Nc3 Bf5 7. Bd3 Qf6 8.
Bxf5 Qxf5 9. Nge2 Be7 10. O-O c6 11. Ng3 Qd7 12. Qf3 O-O 13. Nf5 d5 14. cxd5 1-0

[Event "Brazil vs Russia"]
[Site "http://www.queenalice.com/game.php?id=1393135"]
[Date "2015.11.8"]
[Round "-"]
[White "DINTERINBEBIM"]
[Black "LoveChess"]
[Result "0-1"]
[WhiteElo "2447"]
[BlackElo "2783"]

1. b3 d5 2. Bb2 Nf6 3. e3 c5 4. Nf3 e6 5. c4 Nc6 6. g3 Be7 7. Bg2 O-O 8. O-O b6
9. cxd5 Nxd5 10. d4 Ba6 11. Re1 Ndb4 12. Bf1 Bxf1 13. Kxf1 Qd5 0-1

[Event "FIFA World Cup"]
[Site "http://www.queenalice.com/game.php?id=1429175"]
[Date "2016.6.25"]
[Round "5"]
[White "DINTERINBEBIM"]
[Black "rsgaspar"]
[Result "1-0"]
[WhiteElo "2445"]
[BlackElo "2486"]

1. a3 d5 2. d4 Nf6 3. Nf3 Bf5 4. c4 e6 5. Nc3 c6 6. Nh4 Bg6 7. Nxg6 hxg6 8. e3
Nbd7 9. c5 Be7 10. g3 a5 11. Rb1 e5 12. b4 axb4 13. axb4 g5 14. Bg2 e4 15. b5
Qc8 16. f3 exf3 17. Qxf3 g4 18. Qf5 Rh5 19. Qc2 b6 20. e4 bxc5 21. e5 Nxe5 22.
dxe5 Rxe5+ 23. Ne2 cxb5 24. O-O b4 25. Bb2 Rg5 26. Bxf6 gxf6 27. Qh7 c4 28. Kh1
b3 29. Nc3 Qc6 30. Nxd5 Rxd5 31. Rbd1 O-O-O 32. Rxd5 Rxd5 33. Qxf7 b2 34. Bxd5
Qb5 35. Qe6+ Kb8 36. Be4 c3 37. Rd1 Qb4 38. Qc6 Bd6 39. Kg2 c2 40. Rxd6 Qxe4+
41. Qxe4 c1=Q 42. Rb6+ 1-0